Renglones : Revista de Divulgación Académica del Instituto Tecnológico y de Estudios Superiores de Occidente : año 19 : números 58-59 : noviembre de 2004-abril de 2005 : El mundo de la cárcel /

Kaydedildi:
Detaylı Bibliyografya
Diğer Yazarlar: Hernández Carmona, Hilda Elena (dirección) (dirección), Verduzco Espinosa, Manuel (coordinación editorial) (coordinación editorial), Naranjo Méndez, Eduardo (edición) (edición), Suárez de Garay, María Eugenia (coordinación) (coordinación), Campos Cabello, Javier (ilustración) (ilustración)
Materyal Türü: Bilinmiyor
Dil:İspanyolca
Baskı/Yayın Bilgisi: Guadalajara, México : ITESO, Dirección de Relaciones Externas, Oficina de Difusión de la Producción Académica, 2004
Seri Bilgileri:(Renglones: Revista del Divulgación Académica del Instituto Tecnológico y de Estudios Superiores de Occidente ; 58, 59)
(Renglones: Revista del ITESO ; 58, 59)
Konular:
Etiketler: Etiketle
Etiket eklenmemiş, İlk siz ekleyin!

MARC

LEADER 00000c**#a2200000ua#4500
001 000621606
005 20250926000000.0
008 250829 20042004
009 20260310133902.012
022 |a 0186-4963 
025 |a Donación Juan Lafarga Corona, 1 ejemplar 
037 |a Acervo Xavier Clavigero 
041 |a ESP 
091 |a FLC. 01558 
240 1 1 |a [Renglones: Revista del ITESO] 
245 1 0 |a Renglones :  |b Revista de Divulgación Académica del Instituto Tecnológico y de Estudios Superiores de Occidente : año 19 : números 58-59 : noviembre de 2004-abril de 2005 : El mundo de la cárcel /  |c Dir. E. Hernández Carmona ; coord. editorial M. Verduzco Espinoza ; ed. E. Naranjo Méndez ; coord. del tema de portada M.E. Suárez de Garay ; obra gráfica de J. Campos Cabello. 
246 2 |a Título en la cubierta: Renglones: Revista del ITESO núms. 58-59: noviembre de 2004-abril de 2005: El mundo de la cárcel 
264 1 |a Guadalajara, México :  |b ITESO, Dirección de Relaciones Externas, Oficina de Difusión de la Producción Académica,  |c 2004 
300 |a 140 p. 
336 |a texto  |b txt  |2 rdacontenido 
337 |a sin mediación  |b n  |2 rdamedio 
338 |a volumen  |b nc  |2 rdasoporte 
440 1 |a (Renglones: Revista del Divulgación Académica del Instituto Tecnológico y de Estudios Superiores de Occidente ;  |v 58, 59) 
440 1 |a (Renglones: Revista del ITESO ;  |v 58, 59) 
649 |a XX 
650 |a Cárceles y Centros de Readaptación Social -  |x Publicaciones Periódicas -  |x Tema Principal 
650 |a ITESO -  |x Publicaciones Periódicas 
650 |a Sistema Universitario Jesuita -  |z México -  |x Publicaciones Periódicas 
650 |a Cultura -  |x Publicaciones Periódicas Mexicanas 
650 |a Cultura -  |x Publicaciones Periódicas 
650 |a Publicaciones Periódicas Mexicanas 
650 |a Publicaciones Periódicas 
700 |a Hernández Carmona, Hilda Elena  |e (dirección) 
700 |a Verduzco Espinosa, Manuel  |e (coordinación editorial) 
700 |a Naranjo Méndez, Eduardo  |e (edición) 
700 |a Suárez de Garay, María Eugenia  |e (coordinación) 
700 |a Campos Cabello, Javier  |e (ilustración) 
740 0 |a Renglones :  |b Revista del ITESO : El mundo de la cárcel /  |c Dir. E. Hernández Carmona ; coord. editorial M. Verduzco Espinoza ; ed. E. Naranjo Méndez ; coord. del tema de portada M.E. Suárez de Garay ; obra gráfica de J. Campos Cabello. 
910 |a Fondo Juan Lafarga Corona S.J. 
920 |a Impresos - Libros 
930 |a Fondos Especiales 
905 |a 145 
901 |a 621667-10  |b IT2  |c ESL  |i D  |u 20250926 
902 |a https://opac.biblio.iteso.mx/vufind/Record/000621606